| 000 | 00481nam a2200157 4500 | ||
|---|---|---|---|
| 001 | 118151 | ||
| 003 | ES-MaACL | ||
| 005 | 20230906191035.0 | ||
| 007 | t| | ||
| 008 | 070214s1911 sp r ||||1| spa d | ||
| 100 | 1 |
_aPardo, Angel. _988957 |
|
| 245 | 1 | 0 |
_aCampesinas y cortesanas _b: poesías / _cAngel Pardo ; prólogo de Galo Salinas. |
| 260 |
_aMadrid : _b[s. n.], _c1911 ( _fImp. del Ministerio de Marina) |
||
| 700 | 1 |
_aSalinas, Galo. _9101932 |
|
| 852 |
_aES-MaACL _jT-1251-F-5 |
||
| 999 |
_c118151 _d118151 |
||